Biografía del cardenal Cisneros / (Record no. 139087)

MARC details
000 -LEADER
campo de control de longitud fija 00661nam a2200205 4500
001 - NÚMERO DE CONTROL
campo de control 139087
003 - IDENTIFICADOR DE NÚMERO DE CONTROL
campo de control ES-MaACL
005 - FECHA Y HORA DE LA ÚLTIMA TRANSACCIÓN
campo de control 20251015145630.0
007 - CAMPO FIJO DE DESCRIPCIÓN FÍSICA--INFORMACIÓN GENERAL
campo de control de longitud fija t|
008 - DATOS DE LONGITUD FIJA--INFORMACIÓN GENERAL
campo de control de longitud fija 070214s1983 sp r ||||1| spa d
100 0# - ENTRADA PRINCIPAL--NOMBRE DE PERSONA
Nombre de persona Sanz y Díaz, José,
Fechas asociadas al nombre 1907-1988
9 (RLIN) 103694
245 10 - MENCIÓN DEL TÍTULO
Título Biografía del cardenal Cisneros /
Mención de responsabilidad, etc. José Sanz y Díaz.
260 ## - PUBLICACIÓN, DISTRIBUCIÓN, ETC.
Lugar de publicación, distribución, etc. Barcelona :
Nombre del editor, distribuidor, etc. La Gaya Ciencia,
Fecha de publicación, distribución, etc. 1983.
300 ## - DESCRIPCIÓN FÍSICA
Extensión 135 p. ;
Dimensiones 18 cm.
490 1# - MENCIÓN DE SERIE
Mención de serie Moby Dick ;
Designación de volumen o secuencia 140. Biografías
600 14 - PUNTO DE ACCESO ADICIONAL DE MATERIA--NOMBRE DE PERSONA
Nombre de persona Jiménez de Cisneros, Francisco,
Fechas asociadas al nombre 1436-1517
9 (RLIN) 66495
830 1# - PUNTO DE ACCESO ADICIONAL DE SERIE-TÍTULO UNIFORME
Título uniforme Moby Dick ;
Designación de volumen o secuencia 140. Biografías
9 (RLIN) 179510
852 ## - LOCALIZACIÓN
Ubicación ES-MaACL
Número de control de estantería L-5938
Holdings
Estatus retirado Estado de pérdida Estado de daño No para préstamo Biblioteca de origen Biblioteca actual Ubicación en estantería Fecha de adquisición Fuente de adquisición Total de préstamos Signatura topográfica completa Código de barras Visto por última vez Precio de reemplazo Tipo de ítem Koha
        Biblioteca del Ateneo de Madrid Biblioteca del Ateneo de Madrid Depósito 2 17/01/2008     L-5938 1144740 23/02/2023 23/02/2023 Libro impreso